| 000 | 00728ndm a2200217 a 4500 | ||
|---|---|---|---|
| 001 | C00038060c | ||
| 005 | 20241029145046.0 | ||
| 008 | 990628s1891 fga n spa d | ||
| 080 | _a786.6.083.28 | ||
| 100 | 1 |
_aBusca de Sagastizábal, Ignacio ( _d1868-1950) _925063 |
|
| 245 | 1 | 0 |
_aFuga para órgano [Música manuscrita] / _cIgnacio Busca. |
| 260 | _c1891. | ||
| 300 |
_aPartitura (12 p.) ; _c22 x 32 cm. |
||
| 500 | _aContiene: dos fugas y versos fáciles para órgano. | ||
| 500 | _aMs. a tinta en papel pautado horizontal de 12 pentagramas. | ||
| 500 | _aDed. autogr. del autor a Felipe Gorriti. | ||
| 650 | 0 | 4 |
_aCánones, Fugas, etc. (Órgano) _97628 |
| 852 | 4 | 2 | _jFJIM-1909 |
| 999 |
_c37209 _d37209 |
||